[Event "DVM U10 2020"]
[Site "Magdeburg GER"]
[Date "2021.08.07"]
[Round "5"]
[White "Dodul, Arthur"]
[Black "Bickerich, Philipp"]
[Result "1/2-1/2"]
[Termination "normal"]
[Board "3.3"]
[WhiteElo "1148"]
[BlackElo "1161"]
[WhiteClock "00:25:35"]
[BlackClock "00:16:56"]
[WhiteTeam "SV Hellas Nauen e.V."]
[BlackTeam "SV Königsjäger Süd-West e.V."]
[PlyCount "67"]
[WhiteFideId "34609016"]
[BlackFideId "34604995"]
[EventCountry "GER"]
[EventRounds "7"]
[EventType "team-swiss"]
[EventDate "2021.08.06"]

1. e4 {[%clk 00:55:06]} {[%emt 00:00:04]} e5 {[%clk 00:55:07]} {[%emt
00:00:04]} 2. Nf3 {[%clk 00:55:06]} {[%emt 00:00:05]} Nc6 {[%clk 00:55:08]}
{[%emt 00:00:04]} 3. Bc4 {[%clk 00:55:03]} {[%emt 00:00:08]} Bc5 {[%clk
00:54:36]} {[%emt 00:00:37]} 4. c3 {[%clk 00:54:56]} {[%emt 00:00:11]} Nf6
{[%clk 00:54:33]} {[%emt 00:00:08]} 5. d4 {[%clk 00:54:55]} {[%emt 00:00:07]}
exd4 {[%clk 00:54:30]} {[%emt 00:00:08]} 6. e5 {[%clk 00:54:40]} {[%emt
00:00:20]} d5 {[%clk 00:54:30]} {[%emt 00:00:05]} 7. Bb5 {[%clk 00:54:28]}
{[%emt 00:00:16]} Ne4 {[%clk 00:54:09]} {[%emt 00:00:27]} 8. cxd4 {[%clk
00:54:14]} {[%emt 00:00:18]} Bb4+ {[%clk 00:53:50]} {[%emt 00:00:25]} 9. Bd2
{[%clk 00:53:57]} {[%emt 00:00:21]} Nxd2 {[%clk 00:53:34]} {[%emt 00:00:21]}
10. Nbxd2 {[%clk 00:53:37]} {[%emt 00:00:25]} O-O {[%clk 00:52:55]} {[%emt
00:00:44]} 11. Bxc6 {[%clk 00:52:52]} {[%emt 00:00:34]} bxc6 {[%clk 00:52:58]}
{[%emt 00:00:19]} 12. O-O {[%clk 00:52:42]} {[%emt 00:00:15]} Re8 {[%clk
00:52:29]} {[%emt 00:00:33]} 13. a3 {[%clk 00:51:50]} {[%emt 00:00:58]} Bxd2
{[%clk 00:51:13]} {[%emt 00:01:20]} 14. Qxd2 {[%clk 00:51:07]} {[%emt
00:00:48]} Bg4 {[%clk 00:50:45]} {[%emt 00:00:34]} 15. Qf4 {[%emt 00:01:49]}
Bxf3 {[%clk 00:47:45]} {[%emt 00:03:03]} 16. Qxf3 {[%clk 00:49:17]} {[%emt
00:00:13]} c5 {[%clk 00:47:08]} {[%emt 00:00:41]} 17. Qc3 {[%clk 00:47:49]}
{[%emt 00:01:33]} c4 {[%clk 00:46:16]} {[%emt 00:00:58]} 18. f4 {[%clk
00:46:36]} {[%emt 00:01:17]} f5 {[%clk 00:44:37]} {[%emt 00:01:45]} 19. Rac1
{[%clk 00:45:43]} {[%emt 00:00:58]} Rb8 {[%clk 00:43:17]} {[%emt 00:01:24]} 20.
h3 {[%clk 00:44:33]} {[%emt 00:01:16]} Rb3 {[%clk 00:41:29]} {[%emt 00:01:53]}
21. Qd2 {[%clk 00:42:09]} {[%emt 00:02:28]} Qb8 {[%clk 00:38:34]} {[%emt
00:03:01]} 22. Rb1 {[%clk 00:38:35]} {[%emt 00:03:38]} c3 {[%clk 00:36:10]}
{[%emt 00:02:30]} 23. Qc2 {[%clk 00:35:24]} {[%emt 00:03:15]} Rxb2 {[%clk
00:34:29]} {[%emt 00:01:46]} 24. Rxb2 {[%clk 00:35:19]} {[%emt 00:00:09]} Qxb2
{[%clk 00:34:26]} {[%emt 00:00:09]} 25. Qxf5 {[%clk 00:35:12]} {[%emt
00:00:13]} c2 {[%clk 00:33:33]} {[%emt 00:00:58]} 26. e6 {[%clk 00:34:37]}
{[%emt 00:00:39]} Qxd4+ {[%clk 00:32:56]} {[%emt 00:00:43]} 27. Kh1 {[%clk
00:33:59]} {[%emt 00:00:43]} Qf6 {[%clk 00:31:08]} {[%emt 00:01:52]} 28. Qxc2
{[%clk 00:33:36]} {[%emt 00:00:28]} Qxe6 {[%clk 00:29:44]} {[%emt 00:01:29]}
29. Qxc7 {[%clk 00:31:55]} {[%emt 00:01:47]} d4 {[%emt 00:02:08]} 30. Rd1
{[%clk 00:30:25]} {[%emt 00:01:24]} Qb3 {[%clk 00:23:10]} {[%emt 00:04:46]} 31.
Rxd4 {[%clk 00:28:11]} {[%emt 00:02:19]} Qxa3 {[%clk 00:21:41]} {[%emt
00:01:35]} 32. Rd8 {[%clk 00:27:00]} {[%emt 00:01:15]} Rxd8 {[%clk 00:17:04]}
{[%emt 00:04:42]} 33. Qxd8+ {[%clk 00:26:55]} {[%emt 00:00:11]} Qc5 {[%emt
00:00:12]} 34. Kg1+ Qf8 {[%clk 00:16:56]} 35. Qa5 {[%clk 00:25:35]} {[%emt
00:01:23]} 1/2-1/2

[Event "DVM U10 2020"]
[Site "Magdeburg GER"]
[Date "2021.08.07"]
[Round "5"]
[White "Weng, Hao"]
[Black "Dodul, Alice"]
[Result "1/2-1/2"]
[Termination "normal"]
[Board "3.4"]
[WhiteElo "1007"]
[BlackElo "1099"]
[WhiteClock "00:18:01"]
[BlackClock "00:22:53"]
[WhiteTeam "SV Königsjäger Süd-West e.V."]
[BlackTeam "SV Hellas Nauen e.V."]
[PlyCount "79"]
[WhiteFideId "16268261"]
[BlackFideId "34623817"]
[EventCountry "GER"]
[EventRounds "7"]
[EventType "team-swiss"]
[EventDate "2021.08.06"]

1. e4 {[%clk 00:54:32]} {[%emt 00:00:38]} e5 {[%clk 00:55:02]} {[%emt
00:00:08]} 2. Nf3 {[%clk 00:54:21]} {[%emt 00:00:06]} Nc6 {[%clk 00:55:02]}
{[%emt 00:00:15]} 3. Bc4 {[%clk 00:54:22]} {[%emt 00:00:05]} Bc5 {[%clk
00:54:53]} {[%emt 00:00:14]} 4. Nc3 {[%clk 00:53:36]} {[%emt 00:00:50]} Nf6
{[%clk 00:54:45]} {[%emt 00:00:14]} 5. d3 {[%clk 00:53:27]} {[%emt 00:00:14]}
h6 {[%clk 00:54:43]} {[%emt 00:00:07]} 6. O-O {[%clk 00:52:34]} {[%emt
00:00:58]} O-O {[%clk 00:54:45]} {[%emt 00:00:03]} 7. Be3 {[%clk 00:52:32]}
{[%emt 00:00:07]} Bb6 {[%clk 00:54:41]} {[%emt 00:00:09]} 8. Re1 {[%clk
00:51:59]} {[%emt 00:00:38]} d6 {[%clk 00:54:36]} {[%emt 00:00:10]} 9. Qd2
{[%clk 00:50:13]} {[%emt 00:01:41]} Be6 {[%clk 00:54:12]} {[%emt 00:00:38]} 10.
Bb3 {[%clk 00:49:15]} {[%emt 00:01:03]} Ng4 {[%clk 00:53:43]} {[%emt 00:00:35]}
11. Nd1 {[%clk 00:48:35]} {[%emt 00:00:45]} d5 {[%clk 00:53:03]} {[%emt
00:00:46]} 12. exd5 {[%clk 00:47:34]} {[%emt 00:01:06]} Bxd5 {[%clk 00:52:56]}
{[%emt 00:00:11]} 13. Bxd5 {[%clk 00:46:56]} {[%emt 00:00:43]} Qxd5 {[%clk
00:52:26]} {[%emt 00:00:35]} 14. h3 {[%clk 00:46:10]} {[%emt 00:00:46]} Nf6
{[%clk 00:52:11]} {[%emt 00:00:25]} 15. Bxh6 {[%clk 00:44:42]} {[%emt
00:01:30]} Ne7 {[%clk 00:50:10]} {[%emt 00:02:06]} 16. Bg5 {[%clk 00:43:49]}
{[%emt 00:01:00]} Qd6 {[%clk 00:48:47]} {[%emt 00:01:28]} 17. Nxe5 {[%clk
00:42:10]} {[%emt 00:01:44]} Ng6 {[%clk 00:46:56]} {[%emt 00:01:56]} 18. Nc4
{[%clk 00:41:42]} {[%emt 00:00:34]} Qc6 {[%clk 00:45:48]} {[%emt 00:01:13]} 19.
Nc3 {[%clk 00:40:56]} {[%emt 00:00:51]} Nd5 {[%clk 00:44:19]} {[%emt 00:01:34]}
20. Ne4 {[%clk 00:39:38]} {[%emt 00:01:23]} f5 {[%clk 00:43:07]} {[%emt
00:01:17]} 21. Nc3 {[%clk 00:38:22]} {[%emt 00:01:21]} Nxc3 {[%clk 00:42:13]}
{[%emt 00:00:59]} 22. bxc3 {[%emt 00:02:05]} f4 {[%emt 00:02:07]} 23. Be7
{[%clk 00:34:12]} {[%emt 00:01:17]} Rf7 {[%clk 00:40:12]} {[%emt 00:01:02]} 24.
Bg5 {[%clk 00:33:35]} {[%emt 00:00:41]} f3 {[%clk 00:39:06]} {[%emt 00:01:11]}
25. g3 {[%clk 00:32:11]} {[%emt 00:01:30]} Qd7 {[%clk 00:37:30]} {[%emt
00:01:41]} 26. Kh2 {[%clk 00:31:20]} {[%emt 00:00:53]} Bc5 {[%clk 00:34:48]}
{[%emt 00:02:50]} 27. d4 {[%clk 00:30:28]} {[%emt 00:00:57]} Bd6 {[%clk
00:33:42]} {[%emt 00:01:11]} 28. Qd3 {[%clk 00:28:58]} {[%emt 00:01:34]} Ne7
{[%clk 00:31:12]} {[%emt 00:02:35]} 29. Bxe7 {[%clk 00:28:13]} {[%emt
00:00:50]} Rxe7 {[%clk 00:30:23]} {[%emt 00:00:54]} 30. Rxe7 {[%clk 00:27:38]}
{[%emt 00:00:39]} Qxe7 {[%clk 00:29:42]} {[%emt 00:00:47]} 31. Qxf3 {[%clk
00:27:37]} {[%emt 00:00:06]} Rf8 {[%clk 00:29:11]} {[%emt 00:00:36]} 32. Qd5+
{[%clk 00:27:01]} {[%emt 00:00:41]} Kh8 {[%clk 00:28:43]} {[%emt 00:00:32]} 33.
Kg1 {[%clk 00:25:09]} {[%emt 00:01:57]} Qe2 {[%clk 00:27:41]} {[%emt 00:01:09]}
34. Rf1 {[%clk 00:23:30]} {[%emt 00:01:43]} Bxg3 {[%clk 00:26:27]} {[%emt
00:01:18]} 35. Qg2 {[%clk 00:22:20]} {[%emt 00:01:16]} Bxf2+ {[%clk 00:24:28]}
{[%emt 00:02:04]} 36. Rxf2 {[%clk 00:20:42]} {[%emt 00:01:44]} Rxf2 {[%clk
00:24:00]} {[%emt 00:00:32]} 37. Qxf2 {[%clk 00:20:37]} {[%emt 00:00:10]} Qxc4
{[%clk 00:23:51]} {[%emt 00:00:14]} 38. Qe3 {[%clk 00:19:44]} {[%emt 00:00:58]}
Qxa2 {[%clk 00:23:27]} {[%emt 00:00:29]} 39. Qe8+ {[%clk 00:19:00]} {[%emt
00:00:50]} Qg8 {[%clk 00:22:53]} {[%emt 00:00:38]} 40. Qh5+ {[%clk 00:18:01]}
{[%emt 00:01:05]} 1/2-1/2

[Event "DVM U10 2020"]
[Site "Magdeburg GER"]
[Date "2021.08.07"]
[Round "5"]
[White "Burban, Victor"]
[Black "Nguyen, Bach Khoi"]
[Result "0-1"]
[Termination "normal"]
[Board "4.1"]
[WhiteElo "1272"]
[BlackElo "1086"]
[WhiteClock "00:04:47"]
[BlackClock "00:04:29"]
[WhiteTeam "SchachAkademiePaderborn e. V."]
[BlackTeam "TSG Oberschöneweide e.V."]
[PlyCount "82"]
[WhiteFideId "34609032"]
[BlackFideId "34600256"]
[EventCountry "GER"]
[EventRounds "7"]
[EventType "team-swiss"]
[EventDate "2021.08.06"]

1. e4 {[%clk 00:55:07]} {[%emt 00:00:03]} e5 {[%clk 00:54:59]} {[%emt
00:00:12]} 2. Nf3 {[%clk 00:55:08]} {[%emt 00:00:04]} Nc6 {[%clk 00:54:54]}
{[%emt 00:00:09]} 3. Nc3 {[%clk 00:55:06]} {[%emt 00:00:08]} Nf6 {[%clk
00:54:47]} {[%emt 00:00:11]} 4. Bb5 {[%clk 00:55:03]} {[%emt 00:00:09]} Nd4
{[%clk 00:54:32]} {[%emt 00:00:19]} 5. Ba4 {[%clk 00:54:51]} {[%emt 00:00:18]}
Bc5 {[%clk 00:52:22]} {[%emt 00:02:15]} 6. Nxe5 {[%clk 00:54:29]} {[%emt
00:00:26]} Qe7 {[%clk 00:51:38]} {[%emt 00:00:49]} 7. Nd3 {[%clk 00:53:34]}
{[%emt 00:01:00]} Nxe4 {[%clk 00:50:36]} {[%emt 00:01:08]} 8. O-O {[%clk
00:51:44]} {[%emt 00:01:55]} Nf6 {[%clk 00:44:36]} {[%emt 00:06:05]} 9. Nxc5
{[%clk 00:50:31]} {[%emt 00:01:16]} Qxc5 {[%clk 00:43:52]} {[%emt 00:00:50]}
10. Re1+ {[%clk 00:49:28]} {[%emt 00:01:08]} Ne6 {[%clk 00:43:09]} {[%emt
00:00:49]} 11. d4 {[%clk 00:48:36]} {[%emt 00:00:57]} Qf5 {[%clk 00:37:44]}
{[%emt 00:05:30]} 12. d5 {[%clk 00:46:22]} {[%emt 00:02:19]} O-O {[%clk
00:37:02]} {[%emt 00:00:47]} 13. dxe6 {[%clk 00:45:53]} {[%emt 00:00:32]} fxe6
{[%clk 00:36:59]} {[%emt 00:00:09]} 14. Be3 {[%clk 00:43:21]} {[%emt 00:02:36]}
a6 {[%clk 00:33:42]} {[%emt 00:03:22]} 15. a3 {[%clk 00:41:57]} {[%emt
00:01:30]} b5 {[%clk 00:32:47]} {[%emt 00:01:00]} 16. Bb3 {[%clk 00:41:50]}
{[%emt 00:00:13]} Bb7 {[%clk 00:30:29]} {[%emt 00:02:23]} 17. Bd4 {[%clk
00:39:14]} {[%emt 00:02:41]} Qg6 {[%clk 00:26:30]} {[%emt 00:04:04]} 18. f3
{[%clk 00:37:44]} {[%emt 00:01:34]} Nh5 {[%clk 00:24:37]} {[%emt 00:01:59]} 19.
Rf1 {[%clk 00:35:41]} {[%emt 00:02:04]} Nf4 {[%clk 00:21:01]} {[%emt 00:03:45]}
20. Qd2 {[%clk 00:33:05]} {[%emt 00:02:40]} Qg5 {[%clk 00:19:33]} {[%emt
00:01:34]} 21. Be3 {[%clk 00:30:38]} {[%emt 00:02:31]} d6 {[%clk 00:18:32]}
{[%emt 00:01:06]} 22. Bxe6+ {[%clk 00:29:15]} {[%emt 00:01:26]} Kh8 {[%clk
00:18:01]} {[%emt 00:00:38]} 23. Bxf4 {[%clk 00:28:20]} {[%emt 00:01:00]} Rxf4
{[%clk 00:17:34]} {[%emt 00:00:33]} 24. Bd5 {[%clk 00:26:40]} {[%emt 00:01:45]}
c6 {[%clk 00:16:00]} {[%emt 00:01:39]} 25. Be4 {[%clk 00:25:44]} {[%emt
00:01:00]} d5 {[%clk 00:14:49]} {[%emt 00:01:17]} 26. Bd3 {[%clk 00:23:58]}
{[%emt 00:01:50]} Qf6 {[%clk 00:13:00]} {[%emt 00:01:53]} 27. Rfe1 {[%clk
00:21:55]} {[%emt 00:02:04]} Rf8 {[%clk 00:12:14]} {[%emt 00:00:56]} 28. Ne2
{[%clk 00:20:08]} {[%emt 00:01:48]} Rh4 {[%clk 00:10:47]} {[%emt 00:01:37]} 29.
Nc3 {[%clk 00:18:56]} {[%emt 00:01:16]} Qd6 {[%clk 00:09:54]} {[%emt 00:00:57]}
30. g3 {[%clk 00:17:19]} {[%emt 00:01:42]} Rh6 {[%clk 00:09:14]} {[%emt
00:00:47]} 31. Kg2 {[%clk 00:15:34]} {[%emt 00:01:50]} c5 {[%clk 00:08:22]}
{[%emt 00:00:57]} 32. Rad1 {[%clk 00:12:57]} {[%emt 00:02:39]} Qd7 {[%clk
00:07:36]} {[%emt 00:00:53]} 33. h4 {[%clk 00:11:32]} {[%emt 00:01:31]} Qf7
{[%clk 00:06:50]} {[%emt 00:00:51]} 34. Be2 {[%clk 00:10:10]} {[%emt 00:01:21]}
Re6 {[%clk 00:05:45]} {[%emt 00:01:16]} 35. Nxd5 {[%clk 00:08:47]} {[%emt
00:01:27]} Rd6 {[%clk 00:05:36]} {[%emt 00:00:15]} 36. Qg5 {[%clk 00:07:41]}
{[%emt 00:00:59]} Bxd5 {[%clk 00:05:19]} {[%emt 00:00:33]} 37. Qe5 {[%clk
00:06:46]} {[%emt 00:01:00]} Bxf3+ {[%clk 00:05:17]} {[%emt 00:00:08]} 38. Kg1
{[%clk 00:05:55]} {[%emt 00:00:54]} Rg6 {[%clk 00:04:56]} {[%emt 00:00:28]} 39.
Bxf3 {[%clk 00:05:03]} {[%emt 00:00:56]} Qxf3 {[%clk 00:04:55]} {[%emt
00:00:06]} 40. Qe7 {[%clk 00:04:52]} {[%emt 00:00:16]} Rxg3+ {[%clk 00:04:56]}
{[%emt 00:00:04]} 41. Kh2 {[%clk 00:04:47]} {[%emt 00:00:10]} Qg2# {[%clk
00:04:29]} {[%emt 00:00:27]} 0-1

[Event "DVM U10 2020"]
[Site "Magdeburg GER"]
[Date "2021.08.07"]
[Round "5"]
[White "Schriefer, Leo Hans"]
[Black "Vesszö, Aaron"]
[Result "1-0"]
[Termination "normal"]
[Board "4.2"]
[WhiteElo "1037"]
[BlackElo "951"]
[WhiteClock "00:24:32"]
[BlackClock "00:21:29"]
[WhiteTeam "TSG Oberschöneweide e.V."]
[BlackTeam "SchachAkademiePaderborn e. V."]
[PlyCount "125"]
[WhiteFideId "16266935"]
[BlackFideId "34619631"]
[EventCountry "GER"]
[EventRounds "7"]
[EventType "team-swiss"]
[EventDate "2021.08.06"]

1. e4 {[%clk 00:55:08]} {[%emt 00:00:02]} e6 {[%clk 00:54:52]} {[%emt
00:00:19]} 2. d4 {[%clk 00:55:11]} {[%emt 00:00:01]} d5 {[%clk 00:54:38]}
{[%emt 00:00:20]} 3. exd5 {[%clk 00:55:15]} {[%emt 00:00:01]} exd5 {[%clk
00:54:26]} {[%emt 00:00:17]} 4. Bd3 {[%clk 00:55:10]} {[%emt 00:00:10]} Bd6
{[%clk 00:54:20]} {[%emt 00:00:10]} 5. h3 {[%clk 00:55:04]} {[%emt 00:00:11]}
Ne7 {[%clk 00:54:08]} {[%emt 00:00:16]} 6. Nf3 {[%clk 00:55:04]} {[%emt
00:00:06]} O-O {[%clk 00:53:40]} {[%emt 00:00:33]} 7. O-O {[%clk 00:55:04]}
{[%emt 00:00:06]} Nbc6 {[%clk 00:52:26]} {[%emt 00:01:17]} 8. c3 {[%clk
00:54:20]} {[%emt 00:00:50]} f6 {[%clk 00:52:16]} {[%emt 00:00:15]} 9. Qc2
{[%clk 00:53:49]} {[%emt 00:00:36]} g6 {[%clk 00:52:04]} {[%emt 00:00:18]} 10.
Re1 {[%clk 00:53:19]} {[%emt 00:00:35]} Bf5 {[%clk 00:51:40]} {[%emt 00:00:29]}
11. Bxf5 {[%clk 00:52:09]} {[%emt 00:01:15]} Nxf5 {[%clk 00:51:24]} {[%emt
00:00:21]} 12. Nbd2 {[%clk 00:51:30]} {[%emt 00:00:44]} Re8 {[%clk 00:50:42]}
{[%emt 00:00:47]} 13. Rxe8+ {[%clk 00:51:09]} {[%emt 00:00:26]} Qxe8 {[%clk
00:50:33]} {[%emt 00:00:15]} 14. Nb3 {[%clk 00:50:53]} {[%emt 00:00:20]} Nh4
{[%clk 00:49:03]} {[%emt 00:01:34]} 15. Be3 {[%clk 00:48:31]} {[%emt 00:02:27]}
Nxf3+ {[%clk 00:48:24]} {[%emt 00:00:45]} 16. gxf3 {[%clk 00:48:24]} {[%emt
00:00:12]} Qe6 {[%clk 00:47:05]} {[%emt 00:01:23]} 17. Kg2 {[%clk 00:47:41]}
{[%emt 00:00:48]} Kh8 {[%clk 00:44:11]} {[%emt 00:02:59]} 18. Re1 {[%clk
00:47:16]} {[%emt 00:00:30]} Qf5 {[%clk 00:44:05]} {[%emt 00:00:11]} 19. Qxf5
{[%clk 00:46:58]} {[%emt 00:00:23]} gxf5 {[%clk 00:43:42]} {[%emt 00:00:28]}
20. Nc5 {[%clk 00:43:39]} {[%emt 00:03:25]} Rg8+ {[%clk 00:43:19]} {[%emt
00:00:27]} 21. Kh1 {[%clk 00:43:16]} {[%emt 00:00:27]} Na5 {[%clk 00:40:22]}
{[%emt 00:03:02]} 22. Rg1 {[%clk 00:42:27]} {[%emt 00:00:57]} Rxg1+ {[%clk
00:36:53]} {[%emt 00:03:32]} 23. Kxg1 {[%clk 00:42:26]} {[%emt 00:00:06]} Bxc5
{[%clk 00:34:20]} {[%emt 00:02:38]} 24. dxc5 {[%clk 00:42:20]} {[%emt
00:00:12]} Nc4 {[%clk 00:34:03]} {[%emt 00:00:22]} 25. b3 {[%clk 00:41:18]}
{[%emt 00:01:08]} Nxe3 {[%clk 00:33:33]} {[%emt 00:00:34]} 26. fxe3 {[%clk
00:41:21]} {[%emt 00:00:02]} c6 {[%clk 00:33:22]} {[%emt 00:00:16]} 27. Kg2
{[%clk 00:40:54]} {[%emt 00:00:31]} Kg7 {[%clk 00:32:43]} {[%emt 00:00:44]} 28.
Kg3 {[%clk 00:40:32]} {[%emt 00:00:28]} b6 {[%clk 00:28:45]} {[%emt 00:04:04]}
29. cxb6 {[%clk 00:38:29]} {[%emt 00:02:07]} axb6 {[%clk 00:28:41]} {[%emt
00:00:08]} 30. c4 {[%clk 00:29:22]} {[%emt 00:09:13]} Kf7 {[%clk 00:27:48]}
{[%emt 00:00:58]} 31. Kf4 {[%clk 00:29:16]} {[%emt 00:00:11]} Ke6 {[%clk
00:27:39]} {[%emt 00:00:14]} 32. h4 {[%clk 00:28:22]} {[%emt 00:00:59]} h5
{[%clk 00:27:29]} {[%emt 00:00:14]} 33. cxd5+ {[%clk 00:27:59]} {[%emt
00:00:29]} cxd5 {[%clk 00:27:08]} {[%emt 00:00:26]} 34. a4 {[%clk 00:27:38]}
{[%emt 00:00:26]} d4 {[%clk 00:24:56]} {[%emt 00:02:18]} 35. exd4 {[%clk
00:26:21]} {[%emt 00:01:21]} Kd5 {[%clk 00:24:43]} {[%emt 00:00:18]} 36. Kxf5
{[%clk 00:26:19]} {[%emt 00:00:07]} Kxd4 {[%emt 00:00:16]} 37. Kxf6 {[%emt
00:00:04]} Kc3 {[%clk 00:23:55]} {[%emt 00:00:34]} 38. f4 {[%clk 00:26:18]}
{[%emt 00:00:06]} Kxb3 {[%clk 00:23:59]} {[%emt 00:00:01]} 39. Kg5 {[%clk
00:25:59]} {[%emt 00:00:24]} Kxa4 {[%emt 00:00:06]} 40. f5 {[%emt 00:00:05]} b5
{[%clk 00:23:48]} {[%emt 00:00:05]} 41. f6 {[%clk 00:26:00]} {[%emt 00:00:04]}
b4 {[%clk 00:23:20]} {[%emt 00:00:32]} 42. f7 {[%clk 00:26:00]} {[%emt
00:00:05]} b3 {[%clk 00:23:18]} {[%emt 00:00:07]} 43. f8=Q {[%clk 00:26:00]}
{[%emt 00:00:06]} b2 {[%clk 00:23:16]} {[%emt 00:00:06]} 44. Qa8+ {[%clk
00:25:42]} {[%emt 00:00:23]} Kb3 {[%clk 00:23:04]} {[%emt 00:00:17]} 45. Qb8+
{[%clk 00:25:42]} {[%emt 00:00:04]} Ka2 {[%clk 00:22:57]} {[%emt 00:00:11]} 46.
Qxb2+ {[%clk 00:25:32]} {[%emt 00:00:17]} Kxb2 {[%clk 00:22:51]} {[%emt
00:00:11]} 47. Kxh5 {[%clk 00:25:32]} {[%emt 00:00:05]} Kc3 {[%clk 00:22:40]}
{[%emt 00:00:17]} 48. Kg6 {[%clk 00:25:34]} {[%emt 00:00:02]} Kd4 {[%clk
00:22:36]} {[%emt 00:00:08]} 49. h5 {[%clk 00:25:38]} {[%emt 00:00:02]} Kd5
{[%clk 00:22:22]} {[%emt 00:00:19]} 50. h6 {[%clk 00:25:37]} {[%emt 00:00:06]}
Ke4 {[%emt 00:00:13]} 51. h7 {[%clk 00:25:28]} {[%emt 00:00:06]} Kd5 {[%clk
00:22:23]} {[%emt 00:00:04]} 52. h8=Q {[%clk 00:25:25]} {[%emt 00:00:07]} Ke6
{[%clk 00:21:52]} {[%emt 00:00:33]} 53. Qh5 {[%clk 00:25:17]} {[%emt 00:00:17]}
Kd7 {[%clk 00:21:50]} {[%emt 00:00:08]} 54. Qe5 {[%clk 00:25:13]} {[%emt
00:00:08]} Kd8 {[%clk 00:21:49]} {[%emt 00:00:06]} 55. Qg7 {[%clk 00:25:12]}
{[%emt 00:00:06]} Kc8 {[%emt 00:00:05]} 56. Qf7 {[%emt 00:00:01]} Kb8 {[%clk
00:21:41]} {[%emt 00:00:07]} 57. Qe7 {[%clk 00:25:14]} {[%emt 00:00:03]} Ka8
{[%clk 00:21:42]} {[%emt 00:00:04]} 58. Qd7 {[%clk 00:25:14]} {[%emt 00:00:05]}
Kb8 {[%clk 00:21:44]} {[%emt 00:00:03]} 59. Kf6 {[%clk 00:25:04]} {[%emt
00:00:15]} Ka8 {[%clk 00:21:31]} {[%emt 00:00:18]} 60. Ke6 {[%clk 00:25:01]}
{[%emt 00:00:08]} Kb8 {[%clk 00:21:31]} {[%emt 00:00:05]} 61. Kd6 {[%clk
00:24:38]} {[%emt 00:00:28]} Ka8 {[%clk 00:21:28]} {[%emt 00:00:08]} 62. Kc6
{[%clk 00:24:37]} {[%emt 00:00:06]} Kb8 {[%clk 00:21:29]} {[%emt 00:00:04]} 63.
Qb7# {[%clk 00:24:32]} {[%emt 00:00:09]} 1-0